000 00684nam a2200205 a 4500
001 000012299
005 20240412074231.0
008 091111s2004 xx a 000 0 spa d
040 _aDO-SdBNP
_bspa
_cBNPHU
082 _aRD863.44
_bE77s
100 1 _aEspinal R., Daniel Baruc,
_d1962-
_928960
245 1 0 _aSin alas en medio de la noche /
_cDaniel Baruc Espinal R.
260 _a[s. l.] :
_b[s. n.],
_c[19--].
300 _a69 p. :
_bil. ;
_c21 cm.
500 _aIncluye breve biografĂ­a del autor en la contra cubierta
590 _aInventariado, 2019/BT
650 0 _aCuentos dominicanos
_9176
650 0 _aLiteratura dominicana.
_967
910 _aValidado. Control de calidad MFF
999 _c11956
_d11956